Tra cứu nhanh Java Nhanh chóng tìm ra lớp, phương thức, trường của Java

Nội dung của quyển sách bao gồm: *) Danh sách toàn bộ các lớp được nhóm lại theo chức năng, cũng như các trường và phương thức liên quan. *) Các thư viện giao diện lập trình ứng dụng được dùng thêm hình ảnh, âm thanh sống động vào các tran...

Disgrifiad llawn

Wedi'i Gadw mewn:
Manylion Llyfryddiaeth
Prif Awdur: Michael M Aftergan
Fformat: Llyfr
Iaith:Undetermined
Cyhoeddwyd: Tp. HCM Thống kê 1997
Pynciau:
Tagiau: Ychwanegu Tag
Dim Tagiau, Byddwch y cyntaf i dagio'r cofnod hwn!
Thư viện lưu trữ: Trung tâm Học liệu Trường Đại học Cần Thơ
LEADER 01425nam a2200217Ia 4500
001 CTU_27077
008 210402s9999 xx 000 0 und d
020 |b 24.000đ 
082 |a 005.133 
082 |b A258 
100 |a Michael M Aftergan 
245 0 |a Tra cứu nhanh Java 
245 0 |b Nhanh chóng tìm ra lớp, phương thức, trường của Java 
245 0 |c Michael M Aftergan 
260 |a Tp. HCM 
260 |b Thống kê 
260 |c 1997 
520 |a Nội dung của quyển sách bao gồm: *) Danh sách toàn bộ các lớp được nhóm lại theo chức năng, cũng như các trường và phương thức liên quan. *) Các thư viện giao diện lập trình ứng dụng được dùng thêm hình ảnh, âm thanh sống động vào các trang Web nhờ khả năng tương tác và sức mạnh của Java. *) Cú pháp, lỗi và ngoại lệ của Java. *) Các ví dụ và mã nguồn mẫu để nhanh chóng thực hiện các hàm. *) Các bảng và chỉ mục tra cứu để xác định các hàm thông dụng nhất dùng trong viuệc tạo ra các applet và chương trình ứng dụng hoàn chỉnh 
650 |a java ( computer program language ) 
904 |i Minh, 981031 
980 |a Trung tâm Học liệu Trường Đại học Cần Thơ